000 00368nam a2200157Ia 4500
100 _aCraig/ John Clark/ Webb/Jeff
250 _a4
942 _cBK
654 _aMicrosoft visual basic 5.0
245 _aMicrosoft Visual basic 5.0
260 _bMicrosoft Press
_aNew Delhi
_c1997
082 _a5.133
_bCRA/WEB
300 _a725
546 _aENGLISH
999 _c32920
_d32920